00405nam a2200157Ia 450000500170000000800460001703700180006304000200008104100130010108400250011410000160013924500470015526000090020230000090021154600270022020250508155827.0008 250505s9999 xx 000 0 eng d aDissertations aFEDLbengcFEDL aeng2eng a371.32, KAR/DIqFEDL aKarkare A G 0aStudy of pupils attitude towards home-work c1951 a44p. aM.Ed Dissertation 1951